Central Library OPAC University of Rajshahi

Farm Credit Administration / (Record no. 46913)

MARC details
000 -LEADER
fixed length control field 00822nam a2200217 a 4500
001 - CONTROL NUMBER
control field 46913
003 - CONTROL NUMBER IDENTIFIER
rucl marc code BD-RjUL
005 - DATE AND TIME OF LATEST TRANSACTION
control field 20211209054229.0
008 - FIXED-LENGTH DATA ELEMENTS--GENERAL INFORMATION
fixed length control field 160806s1934 us a sb f001 0 eng c
035 ## - SYSTEM CONTROL NUMBER
System control number (BD-RjUL)47032
040 ## - CATALOGING SOURCE
Original cataloging agency GPO
Transcribing agency GPO
Modifying agency MvI
-- BD-RjUL
Language of cataloging eng
041 ## - LANGUAGE CODE
Language code of text/sound track or separate title eng
082 ## - DEWEY DECIMAL CLASSIFICATION NUMBER
Edition number 23
Classification number 332.71
Author mark and year AME 1934
245 10 - TITLE STATEMENT
Title Farm Credit Administration /
Statement of responsibility, etc. American Institute of Banking
260 ## - PUBLICATION, DISTRIBUTION, ETC. (IMPRINT)
Place of publication, distribution, etc. New York :
Name of publisher, distributor, etc. Section American Bankers Association ,
Date of publication, distribution, etc. 1934,
300 ## - PHYSICAL DESCRIPTION
Pagination 478 p. :
Illustrations ill ;
Size 21 cm.
610 10 - SUBJECT ADDED ENTRY--CORPORATE NAME
Corporate name or jurisdiction name as entry element United States.
Subordinate unit Farm Credit Administration.
650 #0 - SUBJECT ADDED ENTRY--TOPICAL TERM
Topical term or geographic name as entry element Agricultural credit corporations
Geographic subdivision United States.
9 (RLIN) 142904
776 0# - ADDITIONAL PHYSICAL FORM ENTRY
Main entry heading United States. General Accounting Office.
Title Farm Credit Administration : safety and soundness oversight of the Farm Credit System
Physical description 5 p. ; 28 cm.
942 ## - ADDED ENTRY ELEMENTS (KOHA)
Source of classification or shelving scheme Dewey Decimal Classification
Koha item type Books
Holdings
Lost status Source of classification or shelving scheme Damaged status Not for loan Collection code Permanent Location Current Location Shelving location Date acquired Total Checkouts Full call number Date last seen Copy number Koha item type
  Dewey Decimal Classification     Non-fiction Central Library, University of Rajshahi Central Library, University of Rajshahi   09/11/1961   332.71 AME 1934 06/08/2016 C-2 Books